[Event "Azerbaijan Chess Championship2015 - Men"]
[Site ""]
[Date "2015.01.15"]
[Round "9"]
[Board "9"]
[White "Gasimov, Parviz"]
[Black "Iskandarov, Misratdin"]
[Result "1/2-1/2"]
[WhiteElo "2517"]
[BlackElo "2405"]
[PlyCount "0"]
[EventDate "2015.01.06"]
[EventRounds "9"]
[EventCountry "AZE"]

1. e4 {[%clk 1:30:56]} g6 {[%clk 1:30:46]} 2. d4 {[%clk 1:31:02]} Bg7
{[%clk 1:31:10]} 3. Nf3 {[%clk 1:31:16]} d5 {[%clk 1:30:39]} 4. exd5
{[%clk 1:26:04]} Qxd5 {[%clk 1:28:22]} 5. Nc3 {[%clk 1:24:38]} Qd8
{[%clk 1:28:23]} 6. Bc4 {[%clk 1:23:26]} Nf6 {[%clk 1:28:34]} 7. O-O
{[%clk 1:22:25]} O-O {[%clk 1:28:40]} 8. h3 {[%clk 1:18:41]} c6 {[%clk 1:28:25]}
9. Re1 {[%clk 1:16:47]} Nbd7 {[%clk 1:22:37]} 10. Bf4 {[%clk 1:13:40]} Nb6
{[%clk 1:17:10]} 11. Bb3 {[%clk 1:09:01]} Nbd5 {[%clk 1:11:17]} 12. Ne2
{[%clk 1:03:05]} Nxf4 {[%clk 1:08:20]} 13. Nxf4 {[%clk 1:03:28]} a5
{[%clk 1:06:58]} 14. c3 {[%clk 0:59:37]} Qd6 {[%clk 1:03:07]} 15. Ne5
{[%clk 0:58:09]} Nd5 {[%clk 1:03:21]} 16. Nfd3 {[%clk 0:54:48]} b6
{[%clk 0:55:38]} 17. c4 {[%clk 0:49:07]} Nb4 {[%clk 0:49:23]} 18. Nxb4
{[%clk 0:41:29]} Bxe5 {[%clk 0:45:43]} 19. Nxc6 {[%clk 0:35:04]} Bh2+
{[%clk 0:43:50]} 20. Kh1 {[%clk 0:35:03]} Qxc6 {[%clk 0:44:15]} 21. Kxh2 a4 22.
Bc2 {[%clk 0:34:52]} Qxc4 {[%clk 0:45:03]} 23. b3 {[%clk 0:28:07]} Qc7+
{[%clk 0:43:16]} 24. Kg1 {[%clk 0:28:09]} a3 {[%clk 0:43:37]} 25. Be4
{[%clk 0:26:19]} Ra5 {[%clk 0:42:51]} 26. Rc1 {[%clk 0:25:24]} Qf4
{[%clk 0:41:35]} 27. Qf3 {[%clk 0:23:36]} Qd6 {[%clk 0:36:18]} 28. Qe3
{[%clk 0:20:47]} Bd7 {[%clk 0:34:29]} 29. d5 {[%clk 0:20:16]} Rc8
{[%clk 0:33:38]} 30. Rxc8+ {[%clk 0:18:37]} Bxc8 {[%clk 0:33:33]} 31. Bf3
{[%clk 0:18:27]} Ra7 {[%clk 0:25:23]} 32. Rc1 {[%clk 0:17:23]} Bd7
{[%clk 0:24:50]} 33. h4 {[%clk 0:13:59]} h5 {[%clk 0:16:09]} 34. g3
{[%clk 0:13:00]} Ra8 {[%clk 0:13:31]} 35. Qg5 {[%clk 0:10:14]} Rc8
{[%clk 0:03:36]} 36. Rxc8+ {[%clk 0:05:55]} Bxc8 {[%clk 0:04:02]} 37. Be4
{[%clk 0:04:54]} Kg7 {[%clk 0:04:01]} 38. Qc1 {[%clk 0:02:44]} Qc5
{[%clk 0:03:56]} 39. Qa1+ {[%clk 0:01:06]} f6 {[%clk 0:01:23]} 40. Qb1
{[%clk 0:30:46]} Bg4 {[%clk 0:31:02]} 41. Qd3 {[%clk 0:26:47]} Qc1+
{[%clk 0:18:18]} 42. Kg2 {[%clk 0:25:01]} Qe1 {[%clk 0:09:50]} 43. Bf3
{[%clk 0:16:46]} Bf5 {[%clk 0:08:21]} 44. Qd4 {[%clk 0:14:45]} Qa5
{[%clk 0:04:07]} 45. Be4 {[%clk 0:10:47]} Qc5 {[%clk 0:03:14]} 46. Qd3
{[%clk 0:09:03]} Bxe4+ {[%clk 0:03:39]} 47. Qxe4 {[%clk 0:09:26]} b5
{[%clk 0:03:48]} 48. Qe6 {[%clk 0:06:58]} Kf8 {[%clk 0:03:04]} 49. Qe4
{[%clk 0:06:39]} b4 {[%clk 0:03:16]} 50. Qd3 {[%clk 0:04:08]} Kf7
{[%clk 0:03:07]} 51. Qe4 {[%clk 0:04:13]} Qc3 {[%clk 0:03:07]} 52. d6
{[%clk 0:03:28]} exd6 {[%clk 0:03:09]} 53. Qb7+ {[%clk 0:03:18]} Kf8
{[%clk 0:01:35]} 54. Qb8+ {[%clk 0:03:22]} Ke7 {[%clk 0:01:55]} 55. Qb7+
{[%clk 0:03:41]} Kd8 {[%clk 0:01:38]} 56. Qb8+ {[%clk 0:03:54]} Kd7
{[%clk 0:01:24]} 57. Qb7+ {[%clk 0:04:13]} Ke8 {[%clk 0:00:38]} 58. Qb8+
{[%clk 0:04:17]} Ke7 {[%clk 0:00:51]} 59. Qb7+ {[%clk 0:04:25]} Kf8
{[%clk 0:01:11]} 60. Qb8+ {[%clk 0:04:39]} Ke7 {[%clk 0:00:35]} 61. Qb7+
{[%clk 0:04:51]} Ke6 {[%clk 0:00:48]} 62. Qe4+ {[%clk 0:04:46]} Qe5
{[%clk 0:00:56]} 63. Qxb4 {[%clk 0:04:30]} Qd5+ {[%clk 0:00:54]} 64. Kg1
{[%clk 0:03:50]} Qd1+ {[%clk 0:00:55]} 65. Kg2 {[%clk 0:03:47]} Qd5+
{[%clk 0:01:19]} 66. Kg1 {[%clk 0:04:03]} Qc5 {[%clk 0:00:32]} 67. Qe4+
{[%clk 0:03:08]} Qe5 {[%clk 0:00:49]} 68. Qxg6 {[%clk 0:02:42]} Qa1+
{[%clk 0:00:59]} 69. Kg2 {[%clk 0:02:45]} Qxa2 {[%clk 0:01:23]} 70. Qe4+
{[%clk 0:03:00]} Kf7 {[%clk 0:01:36]} 71. Qh7+ {[%clk 0:02:41]} Kf8
{[%clk 0:02:05]} 72. Qh8+ {[%clk 0:02:08]} Ke7 {[%clk 0:02:34]} 73. Qh7+
{[%clk 0:01:54]} Kd8 {[%clk 0:02:59]} 74. Qg8+ {[%clk 0:02:15]} Kc7
{[%clk 0:03:12]} 75. Qc4+ {[%clk 0:02:29]} Kd8 {[%clk 0:03:19]} 76. Qg8+
{[%clk 0:02:52]} Ke7 {[%clk 0:03:44]} 77. Qh7+ {[%clk 0:03:17]} Ke6
{[%clk 0:04:04]} 78. Qe4+ {[%clk 0:03:40]} Kd7 {[%clk 0:04:33]} 79. Qb7+
{[%clk 0:03:56]} Kd8 {[%clk 0:05:01]}

[Event "Azerbaijan Chess Championship2015 - Men"]
[Site ""]
[Date "2015.01.15"]
[Round "9"]
[Board "11"]
[White "Mammadov, Zaur"]
[Black "Shabanov, Nurlan"]
[Result "1/2-1/2"]
[WhiteElo "2487"]
[BlackElo "2165"]
[PlyCount "0"]
[EventDate "2015.01.06"]
[EventRounds "9"]
[EventCountry "AZE"]

1. e4 {[%clk 1:30:57]} d6 {[%clk 1:30:52]} 2. d4 {[%clk 1:31:10]} Nf6
{[%clk 1:31:14]} 3. Bd3 {[%clk 1:31:28]} e5 {[%clk 1:31:36]} 4. c3
{[%clk 1:31:42]} Nbd7 {[%clk 1:26:03]} 5. Nf3 {[%clk 1:28:10]} c6
{[%clk 1:24:21]} 6. O-O {[%clk 1:28:18]} Be7 {[%clk 1:21:08]} 7. Qe2
{[%clk 1:28:17]} O-O {[%clk 1:20:22]} 8. Nbd2 {[%clk 1:28:42]} Qc7
{[%clk 1:19:49]} 9. a4 {[%clk 1:27:54]} b6 {[%clk 1:18:20]} 10. Re1
{[%clk 1:26:55]} Re8 {[%clk 1:12:11]} 11. Nf1 {[%clk 1:25:51]} Nf8
{[%clk 1:11:12]} 12. Ne3 {[%clk 1:15:15]} Ng6 {[%clk 1:02:23]} 13. Nf5
{[%clk 1:04:08]} Bf8 {[%clk 0:55:40]} 14. dxe5 {[%clk 0:58:03]} Nxe5
{[%clk 0:47:27]} 15. Nxe5 {[%clk 0:57:35]} Bxf5 {[%clk 0:46:35]} 16. exf5
{[%clk 0:57:59]} Rxe5 {[%clk 0:43:27]} 17. Qf1 {[%clk 0:56:02]} Rxe1
{[%clk 0:43:10]} 18. Qxe1 {[%clk 0:56:31]} Re8 {[%clk 0:43:32]} 19. Qd1
{[%clk 0:55:24]} d5 {[%clk 0:41:54]} 20. g3 {[%clk 0:43:14]} Ne4 {[%clk 0:37:10]}
21. Be3 {[%clk 0:37:02]} Bc5 {[%clk 0:31:25]} 22. Bd4 {[%clk 0:34:35]} Qd6
{[%clk 0:28:48]} 23. Bc2 {[%clk 0:24:43]} Qh6 {[%clk 0:19:11]} 24. Bxc5
{[%clk 0:16:57]} Nxc5 {[%clk 0:17:29]} 25. a5 {[%clk 0:17:02]} Qd6
{[%clk 0:12:58]} 26. axb6 {[%clk 0:15:44]} axb6 {[%clk 0:13:24]} 27. Kg2
{[%clk 0:15:37]} Qe5 {[%clk 0:12:05]} 28. Ra7 {[%clk 0:11:51]} h6
{[%clk 0:09:51]} 29. Qh5 {[%clk 0:11:25]} Qf6 {[%clk 0:09:40]} 30. h4
{[%clk 0:09:09]} Ne4 {[%clk 0:06:22]} 31. Rc7 {[%clk 0:09:30]} Rf8
{[%clk 0:05:33]} 32. Qf3 {[%clk 0:08:51]} Re8 {[%clk 0:05:03]} 33. Qe3
{[%clk 0:08:24]} c5 {[%clk 0:04:14]} 34. Qf4 {[%clk 0:06:48]} Re5
{[%clk 0:03:35]} 35. Rc8+ {[%clk 0:03:11]} Kh7 {[%clk 0:04:00]} 36. Rc6
{[%clk 0:02:34]} Qxc6 {[%clk 0:03:24]} 37. Qxe5 {[%clk 0:03:03]} Nf6
{[%clk 0:03:39]} 38. f3 {[%clk 0:03:32]} Qe8 {[%clk 0:02:32]} 39. Qxe8
{[%clk 0:03:23]} Nxe8 {[%clk 0:02:59]} 40. Kf2 {[%clk 0:33:05]} Kg8
{[%clk 0:32:14]} 41. Bb3 {[%clk 0:32:32]} Nc7 {[%clk 0:30:03]} 42. Ke3
{[%clk 0:32:43]} f6 {[%clk 0:25:58]} 43. g4 {[%clk 0:32:09]} Kf7 {[%clk 0:25:39]}
44. f4 {[%clk 0:29:03]} Ke7 {[%clk 0:25:34]} 45. Kf3 {[%clk 0:29:14]} Kd6 46. Bc2
{[%clk 0:24:15]} Ne8 {[%clk 0:22:25]} 47. Bd3 {[%clk 0:20:10]} Ke7
{[%clk 0:22:00]} 48. g5 {[%clk 0:19:16]} h5 {[%clk 0:08:33]} 49. c4
{[%clk 0:18:30]} dxc4 {[%clk 0:07:04]} 50. Bxc4 {[%clk 0:18:59]} Nd6
{[%clk 0:07:28]} 51. Bd3 {[%clk 0:19:23]} Kd7 {[%clk 0:06:55]} 52. Ke3
{[%clk 0:15:33]} Kc6 {[%clk 0:07:10]} 53. b3 {[%clk 0:15:39]} Kd5
{[%clk 0:07:02]} 54. Bb1 {[%clk 0:15:05]} b5 {[%clk 0:05:41]} 55. Bc2
{[%clk 0:13:12]} b4 {[%clk 0:05:13]} 56. Kd3 {[%clk 0:09:05]} Nxf5
{[%clk 0:04:39]} 57. Bd1 {[%clk 0:09:35]} Nxh4 {[%clk 0:02:39]} 58. gxf6
{[%clk 0:09:51]} gxf6 {[%clk 0:02:55]} 59. Bxh5 {[%clk 0:10:20]} Nf5
{[%clk 0:02:43]} 60. Bf7+ {[%clk 0:10:28]} Kc6 {[%clk 0:02:41]} 61. Be8+
{[%clk 0:09:56]} Kb6 {[%clk 0:02:53]} 62. Bf7 {[%clk 0:09:37]} Nd6
{[%clk 0:03:15]} 63. Be6 {[%clk 0:09:34]} Kc7 {[%clk 0:03:27]} 64. Bh3 Kd8
{[%clk 0:03:31]} 65. Bg4 {[%clk 0:09:23]} Ke7 {[%clk 0:03:56]} 66. Bf3
{[%clk 0:09:35]} Kf7 {[%clk 0:04:19]} 67. Be2 {[%clk 0:09:46]} Kg6
{[%clk 0:04:11]} 68. Bg4 {[%clk 0:10:10]} Kh6 {[%clk 0:03:56]} 69. Bf3
{[%clk 0:10:18]} Kg7 {[%clk 0:04:20]} 70. Be2 {[%clk 0:10:38]} Kf7
{[%clk 0:02:22]} 71. Bh5+ {[%clk 0:10:52]} Ke7 {[%clk 0:02:46]} 72. Bg4
{[%clk 0:11:09]} f5 {[%clk 0:02:43]} 73. Bh5 {[%clk 0:09:25]} Ne4
{[%clk 0:02:06]} 74. Bg6 {[%clk 0:07:41]} Kf6 {[%clk 0:02:02]} 75. Be8
{[%clk 0:08:00]} Ke6 {[%clk 0:01:43]} 76. Bg6 {[%clk 0:08:07]} Nd6
{[%clk 0:01:10]} 77. Bh5 {[%clk 0:08:31]} Kd7 {[%clk 0:01:20]} 78. Bg6
{[%clk 0:06:44]} Kc6 {[%clk 0:01:45]} 79. Bh7 {[%clk 0:06:56]} Kb5
{[%clk 0:01:40]} 80. Bg6 {[%clk 0:06:52]} Kb6 {[%cl